000 00708 a2200217 4500
003 OSt
005 20230417094434.0
008 220811s2013 sp a||||r|||| 00| 0 spa d
020 _a9788415792710
040 _cCHAP
082 0 0 _a745.92
_bF61
_222
100 1 _9186691
_aFlethes Bernal, Ana María
245 1 0 _aTrabajos auxiliares en la elaboración de composiciones con flores y plantas /
_cpor Ana María Flethes Bernal
264 1 _aAntequera, Málaga :
_bIC Editorial,
_c2013.
300 _a263 páginas.
_bilustraciones
504 _aIncluye bibliografía.
650 2 _9133529
_aDecoración floral
650 2 _97425
_aArreglos florales
650 2 _9135152
_aFlores
_xManejo
942 _2ddc
_cLIBRO
999 _c217457
_d217457